000
00329nam a2200133Ia 4500
100
_a
Liffenbeck John
942
_c
BK
654
_a
8086 & 8088 family
245
_a
8086 & 8088 family : Design Programming & Interfacing
260
_b
prentice hall
_a
New Delhi
_c
1994
082
_a
4.16
_b
PAN
546
_a
ENGLISH
999
_c
18057
_d
18057